Last leaders - Statistics

General Stats
  • This quiz has been taken 14 times
  • The average score is 8 of 20
Answer Stats
Hint Answer % Correct
Last Tsar of Russia Nicholas II
85%
Haile Selassie was the last emperor of this country Ethiopia
77%
Last General Secretary of the USSR Mikhail Gorbachev
77%
Sujong was the second & last emperor of this country Korea
62%
Llywelyn ap Gruffudd was the last king of this country Wales
54%
Mohammed Zahir Shah was the last king of this country Afghanistan
46%
Liliuokalani was the last queen of this country Hawaii
46%
'Manuel the Unfortunate' was the last king of this country Portugal
46%
Simeon II was the last tsar of this country Bulgaria
38%
Last Queen of Trinidad & Tobago Elizabeth II
31%
Ranavalona III was the last queen of this country Madagascar
31%
Last Shah of Iran Mohammad Reza Pahlavi
31%
Last Roman Emperor Romulus Augustus
31%
Catherine Cornaro was the last queen of this country Cyprus
23%
Last King of Romania Michael I
23%
Last Emperor of China Puyi
23%
Last King of Greece Constantine II
15%
Last King of Egypt & Sudan Fuad II
15%
Last Khan of the Kalmyk Khanate Ubashi Khan
15%
Jamshid bin Abdullah was the last sultan of this country Zanzibar
15%
No matching quizzes found
Score Distribution
Percent of People with Each Score
Percentile by Number Answered
Your Score History
You have not taken this quiz